000 00532nam a22001937a 4500
003 KOHA_MİRAKIL
005 20251111132254.0
008 251111b tu ||||| |||| 00| 0 tur d
020 _a9786050941142
040 _aTR-AnABB
_btur
_cTR-AnABB
041 _atur
082 _a813.42
_bAYS 2017
100 1 _aAysever, Enver,
245 1 0 _aGece bekçisinin rüyası /
_cEnver Aysever
260 _aİstanbul :
_bDoğan Kitap,
_c2017
300 _a176 sayfa ;
_c21 cm
650 0 4 _aTürk edebiyatı, roman
942 _2ddc
_cBK
999 _c9353
_d9353
900 _bGizem YORULMAZ